Foundations of software testing : (Record no. 23005)

MARC details
000 -LEADER
fixed length control field 00952nam a22002775a 4500
005 - DATE AND TIME OF LATEST TRANSACTION
control field 20161102144852.0
008 - FIXED-LENGTH DATA ELEMENTS--GENERAL INFORMATION
fixed length control field 161102t2012 ii a frbd 001 0 eng d
020 ## - INTERNATIONAL STANDARD BOOK NUMBER
International Standard Book Number 9788131526361
020 ## - INTERNATIONAL STANDARD BOOK NUMBER
International Standard Book Number 8131526364
040 ## - CATALOGING SOURCE
Original cataloging agency EG-ScBUE
Language of cataloging eng
Transcribing agency EG-ScBUE
Modifying agency EG-ScBUE
082 04 - DEWEY DECIMAL CLASSIFICATION NUMBER
Edition number 22
Classification number 005.14
Item number BLA
100 1# - MAIN ENTRY--PERSONAL NAME
Personal name Black, Rex,
Dates associated with a name 1964-
245 10 - TITLE STATEMENT
Title Foundations of software testing :
Remainder of title ISTQB certification /
Statement of responsibility, etc Rex Black, Erik Van Veenendaal, Dorothy Graham.
260 ## - PUBLICATION, DISTRIBUTION, ETC. (IMPRINT)
Place of publication, distribution, etc New Delhi :
Name of publisher, distributor, etc Cengage Learning,
Date of publication, distribution, etc c.2012.
300 ## - PHYSICAL DESCRIPTION
Extent x, 242 p. :
Other physical details ill. ;
Dimensions 24 cm.
500 ## - GENERAL NOTE
General note Glossary : p. 199-220.
500 ## - GENERAL NOTE
General note Index : p. 235-242.
504 ## - BIBLIOGRAPHY, ETC. NOTE
Bibliography, etc Includes bibliographical references.
650 #7 - SUBJECT ADDED ENTRY--TOPICAL TERM
Source of heading or term BUEsh
9 (RLIN) 4060
Topical term or geographic name as entry element Electronic data processing personnel
General subdivision Certification.
650 #7 - SUBJECT ADDED ENTRY--TOPICAL TERM
9 (RLIN) 12302
Topical term or geographic name as entry element Computer software
General subdivision Testing.
Source of heading or term BUEsh
651 ## - SUBJECT ADDED ENTRY--GEOGRAPHIC NAME
Source of heading or term BUEsh
653 ## - INDEX TERM--UNCONTROLLED
Resource For college Informatics and Computer Science
Arrived date list November2016
700 1# - ADDED ENTRY--PERSONAL NAME
Personal name Veenendaal, Erik Van.
700 1# - ADDED ENTRY--PERSONAL NAME
Personal name Graham, Dorothy.
942 ## - ADDED ENTRY ELEMENTS (KOHA)
Source of classification or shelving scheme Dewey Decimal Classification
Holdings
Withdrawn status Item status Source of classification or shelving scheme Damaged status Not for loan Vendor Home library Current library Shelving location Date acquired Source of acquisition Cost, normal purchase price Serial Enumeration / chronology Total Checkouts Total Renewals Full call number Barcode Date last seen Date last borrowed Cost, replacement price Koha item type
    Dewey Decimal Classification     Baccah Central Library Central Library Lower Floor 02/11/2016 Purchase 205.00 25137 1 1 005.14 BLA 000034593 15/07/2025 27/09/2017 256.25 Book - Borrowing